MARC

LEADER 00000nam0a2200000 4500
001 300742
005 20231102001330.0
020 |a RU  |b 83-4539 
035 |a (RuTPU)RU\TPU\book\325895 
090 |a 300742 
100 |a 20150715d1983 m y0rusy5003 ca 
101 0 |a rus 
102 |a RU 
105 |a a j 001zy 
200 1 |a Радиопередающие устройства связи и вещания  |e учебник для электротехникумов связи специальностей 0701, 0706  |f О. Л. Муравьев 
210 |a Москва  |c Радио и связь  |d 1983 
215 |a 352 с.  |c ил. 
320 |a Библиогр.: с. 349-350 
606 1 |a Радиопередающие устройства  |2 stltpush  |3 (RuTPU)RU\TPU\subj\22931  |9 47606 
610 1 |a радиопередатчики 
610 1 |a радиовещание 
610 1 |a электронные приборы 
610 1 |a генераторы 
610 1 |a физические процессы 
610 1 |a генераторы 
610 1 |a схемотехника 
610 1 |a внешнее возбуждение 
610 1 |a каскады 
610 1 |a самовозбуждение 
610 1 |a амплитудная модуляция 
610 1 |a однополосная модуляция 
610 1 |a энергетические характеристики 
610 1 |a оптимизация 
610 1 |a учебники 
675 |a 621.396.61(075.32)  |z rus  |v 3 
700 1 |a Муравьев  |b О. Л.  |g Олег Леонидович  |4 070 
801 0 |a RU  |b RuMRKP  |c 19950704  |g psbo 
801 1 |a RU  |b 63413507  |c 20150715 
801 2 |a RU  |b 63413507  |c 20180615  |g RCR 
942 |c BK